[Maximi iurisconsulti aurati equitis magnificique comitis domini Francisci de Acoltis de Aretio: elegantissima ac fecundissima Super titulo de Constitutionibus et Rescriptis Commentaria] (Registro nro. 167112)

Detalles MARC
000 -ENCABEZADO
Número de control [NR] 02360nam a22003017a 4500
005 - FECHA Y HORA DE LA ÚLTIMA TRANSACCIÓN
control field 20180222091007.0
008 - DE LONGITUD FIJA DE DATOS DE ELEMENTOS - INFORMACIÓN GENERAL
Elementos de longitud fija [NR] 130528s1520 it |||fr|||| 001 0 lat d
040 ## - FUENTE DE CATALOGACION [NR]
Quien Cataloga Sandra Yazo
Quien Clasifica Sandra Yazo
041 0# - CODIGO DE IDIOMA [R]
Código de idioma para texto/pista de sonido o título separado [R] Latín
082 04 - NUMERO DE CLASIFICACION DECIMAL DEWEY [R]
Número de la edición [NR] 20
Número de clasificación [R] 340.56
092 ## - SIGNATURA TOPOGRAFICA LOCAL
Número de clasificación local E26N052
100 1# - ASIENTO PRINCIPAL--NOMBRE PERSONAL [NR]
Nombre personal [NR] Accolti, Francesco
Fechas asociadas con el nombre [NR] 1416 or 1417-1488
ID Autoridad 38418
242 01 - TRADUCCION DEL TITULO POR LA AGENCIA CATALOGADORA [R]
Título [NR] [Comentarios y apostillas a los títulos sobre las Constituciones y los Rescriptos. Del sumo jurista y caballero dorado Don Francisco de Acoltis de Arezzo]
Código de idioma del título traducido [NR] spa
245 11 - MENCION DE TITULO [NR]
Título [NR] [Maximi iurisconsulti aurati equitis magnificique comitis domini Francisci de Acoltis de Aretio: elegantissima ac fecundissima Super titulo de Constitutionibus et Rescriptis Commentaria]
260 ## - PUBLICACION, DISTRIBUCION, ETC. (PIE DE IMPRENTA) [R]
Lugar de publicación, distribución, etc. [R] Tridini [Trino] (Italia)
Nombre del editor, distribuidor, etc. [R] Impensis domini Joannis de Ferrariis als de Jolitis ac domini Gerardi de Zeiis [A expensas del señor Juan de Ferrara alias Gioliti y Gerardo de Zeis]
Fecha de publicación, distribución, etc. [R] 1520
300 ## - DESCRIPCION FISICA [R]
Extensión [R] ii - clxx, [9] folios
Dimensiones [R] 43 x 29 cm.
500 ## - NOTA GENERAL [R]
Nota general [NR] Detalles físicos: Ejemplar sin encuadernación, sin portada, faltan algunas páginas al inicio de la obra. Encabezamiento al comienzo de la obra. Texto impreso en dos columnas con caracteres góticos, en varios tipos y tamaños. Mayúsculas capitales. Márgenes anchos. Apostillas marginales. Párrafos numerados. Signaturas. Registro de cuadernillos y colofón en ultimo folio marcado, siguiente página con una marca tipográfica de los editores. Últimas hojas empiezan a desprenderse. Varios subrayados en texto. Título tomado del encabezamiento, datos de publicación tomados del colofón
505 0# - NOTA DE CONTENIDO CON FORMATO PREESTABLECIDO [R]
Nota de contenido con formato preestablecido [NR] Las Constituciones ; Los Rescriptos -- Los títulos: Acusación ; Investigación ; Denuncia (Libro quinto de las Decretales) ; Los juicios (Libro segundo de las Decretales) ; El foro competente ; La presentación de documentos y memoriales ; Las pruebas ; Los testigos<br/>
506 ## - NOTA DE RESTRICCIONES DE ACCESO [R]
Condiciones de acceso [NR] Consulta en sala
546 ## - NOTA DE IDIOMA [R]
Nota de idioma [NR] Texto en latín
650 #7 - ASIENTO SECUNDARIO DE MATERIA - TERMINO TEMATICO [R]
Término temático o nombre geográfico como elemento de entrada [NR] Derecho canónico
Subdivisión general [R] Obras anteriores a 1800
9 (RLIN) 29726
650 #7 - ASIENTO SECUNDARIO DE MATERIA - TERMINO TEMATICO [R]
Término temático o nombre geográfico como elemento de entrada [NR] Derecho civil
Subdivisión general [R] Obras anteriores a 1800
9 (RLIN) 29560
653 ## - TERMINO DE INDIZACION - NO CONTROLADO [R]
Término de indización no controlado [R] Ambos derechos
690 ## - ASUNTO AGREGADO LOCAL DE ENTRADA - TÉRMINO TEMÁTICO (OCLC, RLIN)
Acceso temático local Derecho civil
9 (RLIN) 12711
740 #1 - ASIENTO SECUNDARIO – TITULOS RELACIONADOS/ANALITICOS NO CONTROLADOS [R]
Título relacionado o analítico no controlado [NR] [Commentaria super titulo de constitutionibus et rescriptis super secundo libro decretalium]
856 48 - LOCALIZACION Y ACCESO ELECTRONICOS [R]
Identificador Uniforme del Recurso (“URI”) [R] <a href="http://repository.urosario.edu.co/handle/10336/14420">http://repository.urosario.edu.co/handle/10336/14420</a>
Nota dirigida al público [R] Disponible en línea
942 ## - ELEMENTOS DE ENTRADA AGREGADOS (KOHA)
Tipo de ítem principal el descrito en 300a Libro
Edición 1
Sistema de clasificación LOCAL
Clasificación E26N052
Existencias
Suprimido Perdido Sistema de clasificación Dañado No prestable Tipo de ítem específico Ubicación habitual Ubicación actual Localización Fecha de creación Forma de adquisición Costo Total préstamos Signatura topográfica Código de barras Última vez visto Ejemplar Price effective from Tipo de ítem
    LOCAL     Libro archivo Archivo Histórico Archivo Histórico Archivo histórico 28/05/2013 Donación 0.00   E26N052 L003836 28/05/2013 Ej.1 28/05/2013 Libro